El soldadito de plomo

Uloženo v:
Podrobná bibliografie
Hlavní autor: Andersen, Hans Christian (Autor)
Médium: Kniha
Jazyk:španělština
Vydáno: Santiago Origo 2017
Vydání:1a. ed
Edice:Viva Leer
Témata:
Tagy: Přidat tag
Žádné tagy, Buďte první, kdo vytvoří štítek k tomuto záznamu!

MARC

LEADER 00000cam a2200000 a 4500
001 UCC2165
003 CL-VaPUC
008 180114e20170000cl |||||||||||||||||spa|d
020 |a 9789563161595 
082 0 4 |a 808.068  |b AND  |2 21 
100 |a Andersen, Hans Christian  |e author  |9 308911 
245 1 3 |a El soldadito de plomo 
250 |a 1a. ed 
300 |a 10 p 
942 |c BK 
945 |d 20180114 20:51:00  |a dcastane 
260 |a Santiago  |b Origo  |c 2017 
650 0 |a Cuentos infantiles  |9 308044 
650 0 |a Literatura infantil   |9 307465 
583 |a last modification  |c 20180114 20:51:00  |k Rodrigo Vera 
490 0 |a Viva Leer 
999 |c 370418  |d 370416 
952 |0 0  |1 0  |3 erd  |4 0  |6 808_068000000000000_AND_2017  |7 0  |8 C  |9 486885  |a BIBCUR  |b BIBCUR  |i 5446570  |l 5  |m 1  |o 808.068 AND 2017  |p 5446570  |r 2025-04-22  |s 2025-01-24  |w 2019-11-24  |y BK  |z Catalogado en:20180114  |k INF